| 000 | 00499nam a2200181 a 4500 | ||
|---|---|---|---|
| 001 | 1769 | ||
| 005 | 20140414131925.0 | ||
| 008 | 010215s19uu xx 00 eng d | ||
| 020 | _a0-307-02124-6 | ||
| 050 |
_aER _bW89 1974 |
||
| 100 | _aChambers, Selma Lola | ||
| 245 |
_aWords / _cby Selma Lola Chambers ; illustrated by Louis Cary. |
||
| 260 |
_aNew York : _bA Golden Book, _c1974. |
||
| 300 | _a1 v. p. : ill. ; cm. | ||
| 650 | _aWord recognition. | ||
| 650 | _aSpelling. | ||
| 999 |
_c111946 _d111946 |
||